000 00596nam a2200229Ia 4500
003 OSt
005 20221007063125.0
006 a|||||r|||| 00| 0
007 ta
008 221006b |||||||| |||| 00| 0 eng d
024 _a20,576
037 _cTextual
040 _aFLL
_cFLL
_beng
041 _2eng
_aeng
082 _aZ2,215, L8
100 _aAnand Ram Prakash Au.
_9683808
245 0 _aLaw of the sea
260 _aBombay
_bN.M.Triapthi India
_c1978
300 _a380p
_ccm.
942 _hZ2,215, L8
_cTEXL
_2CC
999 _c1130447
_d1130447